000 00916nam a22003137a 4500
003 CHAP
005 20220817041458.0
008 971013s1969 r 00010 d
010 _a15673
011 _a16645
035 _a20727
040 _cCHAP
082 _a146.3
_bB4Y
100 0 0 _aBesse, Guy.
_912037
245 _aPráctica social y teoría
260 _aMéxico, D. F. :
_bGrijalbo,
_c1969
300 _a154 p.
490 _aColección 70
_v; 48
590 _aBATCH-UPD
_b10
_c20130110
_lUCH01
_h1012
590 _aBATCH-UPD
_b10
_c20130410
_lUCH01
_h0620
590 _aBATCH-UPD
_b10
_c20130914
_lUCH01
_h0616
590 _aBATCH-UPD
_b10
_c20130914
_lUCH01
_h2116
590 _aCONVERSION
_b10
_c20130109
_lUCH01
_h1310
650 1 4 _aMaterialismo dialéctico.
830 0 _aColección 70
_v; 48
_924662
901 _aBK
942 _cLIBRO
949 _a146.3 B4Y
_bBC
_cLIBRO
_d-48311
_eLIBRO
_i20727
_si
_t25.00
999 _c15673
_d15673